01794nam a22001937a 4500003000500000005001700005008004100022020001800063041001200081082001600093100002300109245005300132260003900185300004700224505128100271650001401552650001401566650002001580CUTN20250204161230.0250204b |||||||| |||| 00| 0 eng d a9788180942068 aEnglish a370.82bARU aArumuga Gandhi, E. aModern Education : bWomen and Weaker Sections / aChennai :bMJP Publishers, c2014. axvii + 215 pages; billustrations; c25 cm tStructure and Pattern of Indian Education System: An Introduction Social Networking Sites Addiction and Self Esteem of Higher Secondary School Students Using Technology to Foster English Reading Proficiency for English as Second Language Learners Multifaceted Forms of ICT and Educational Technologies in the Modern Era Centre of Control and Achievement in Environmental Studies of School Students Empowering Dalits through Education Accommodations for Educational Transactions to Learning Disability Perspectives Education for Marginalized: An Analysis from Human Rights Perspective Do We Really Educate Our Children? An Analysis of Ideology Vs Reality Gender and Subject Selection in Vocational Stream of Education at Higher Secondary Level Subject Preference in Higher Education: An Analysis through Gender Perspective Girl Children and Education: An Empirical Study in Puducherry Region Role of Educational Intervention and its Impact on Health Status of Women Total Literacy Campaign and Jan Shikshan Sansthan: Means for Women Empowerment Education, Youth and Unemployment in India: A Sociological Analysis Is Vocational Stream of Education Means for Removing Unemployability: Myths and Realities Education for Survival of the Marginalised through Community College Index aEducation aSociology aWomen's Studies